LEADER 05745nam 2200697 450 001 9910464549903321 005 20200903223051.0 010 $a90-272-7062-7 035 $a(CKB)3710000000092880 035 $a(EBL)1647463 035 $a(SSID)ssj0001132152 035 $a(PQKBManifestationID)11749942 035 $a(PQKBTitleCode)TC0001132152 035 $a(PQKBWorkID)11146897 035 $a(PQKB)10580796 035 $a(MiAaPQ)EBC1647463 035 $a(Au-PeEL)EBL1647463 035 $a(CaPaEBR)ebr10843922 035 $a(CaONFJC)MIL580143 035 $a(OCoLC)872393772 035 $a(EXLCZ)993710000000092880 100 $a20140315h20142014 uy 0 101 0 $aeng 135 $aur|n|---||||| 181 $ctxt 182 $cc 183 $acr 200 00$aEvents, arguments, and aspects $etopics in the semantics of verbs /$fedited by Klaus Robering 210 1$aAmsterdam, Netherlands ;$aPhiladelphia, Pennsylvania :$cJohn Benjamins Publishing Company,$d2014. 210 4$dİ2014 215 $a1 online resource (381 p.) 225 1 $aStudies in Language Companion Series (SLCS),$x0165-7763 ;$vVolume 152 300 $aDescription based upon print version of record. 311 $a90-272-5917-8 320 $aIncludes bibliographical references at the end of each chapters and indexes. 327 $aEvents, Arguments, and Aspects; Editorial page; Title page; LCC data; Table of contents; Preface; Introduction: Events, arguments, and aspects; 1. Two issues in the semantics of verbs; 2. Arguments; 2.1 Theories of argument structure; 2.2 Introductory comments on the articles; 3. Time, eventities, and aspect; 3.1 Time; 3.2 Eventities; 3.3 Aspect; 3.4 Introductory comments on the articles; 4. Brief note on notation; Bibliography; part i Verb meaning and argument structure; 1. Ergativity and the object-oriented representation of verb meaning; 1. Introduction; 2. The object-oriented paradigm 327 $a3. Polysemy and argument roles4. Ergativity; 5. Correlates of the ergative/absolutive distinction; 5.1 Bondedness to the verb; 5.2 Control phenomena; 6. Conclusion; Bibliography; 2. Grammatical metaphors and there-insertion in Danish; 1. Introduction; 2. Grammatical metaphors; 3. Unaccusativity; 4. The position of the logical subject; 5. Aktionsart and event structure; 6. The there-insertion constraint; 7. Danish transitive verbs in there-constructions(; 8. Formal analysis of transitive verbs; 9. Arguments and topology(; 10. Passives; 11. Conclusion; Bibliography; 3. Abstract objects of verbs 327 $a1. Introduction1.1 Verbs and their arguments; 1.2 Classifying linguistic signs; 2. Explaining the theory; 2.1 The traditional analysis; 2.2 Types and polymorphism(; 2.3 Representation by abstract objects; 2.4 Identifying objects(; 3. Types and representation; 3.1 Types as data types; 3.2 Uniqueness and elimination; 4. Comprehension; 4.1 Problems with functions; 4.2 More problems; 4.3 A way out (?); 5. Historical remarks; 6. Appendix: Ackermann's original system; 6.1 Axioms of propositional logic; 6.2 Axioms of predicate logic; 6.3 Axioms for identity; 6.4 Axioms of class theory; 6.5 Rules 327 $aBibliography4. Object-orientation and the semantics of verbs; 1. Introduction; 2. Object-orientation and its relevance to semantics; 3. Modeling object-oriented: Unified Modeling Language (UML); 4. Verbal meaning; 5. Object-oriented representation of verbal meaning: The basics; 6. Multi-layered architecture; 7. Eventity classes; Bibliography; Part II. Aspect and aktionsart; 5. Aspectual coercion and eventuality structure; 1. Introduction; 2. A survey of eventuality structure; 2.1 Aspectuality and eventuality structure; 2.2 Sortal structure of eventualities 327 $a2.3 Intersortal structure of eventualities3. A system of aspectual coercion; 3.1 Coercion by durative adverbials; 3.2 Coercion by time-span adverbials; 3.3 Coercion by time-point adverbials; 3.4 Coercion by the progressive; 3.5 A two-stage approach: Aspectual coercion as pragmatic enrichment; 4. Conclusion; Bibliography; 6. Phases in verbal semantics; 1. Introduction; 1.1 Phasal verb research and the phasal verb interface complex; 1.2 Classical and medieval reasoning on phasal verbs and its connection with modern theories; 2. Modern approaches to phasal verbs 327 $a2.1 Phasal verbs and the notion of boundedness (Jackendoff) 330 $aThe aspectual interpretation of sentences is constrained by the truth conditions predicates impose on points of times or time intervals. Using data from English, Vendler (1967) established a classification of four verb types on these grounds, that has been widely accepted in linguistic theory. Various researchers, among them Dowty (1979) for English and Ehrich (1992) for German, have proposed finer grained classifications. This paper is very much in the spirit of these proposals. Our aim is a detailed model of the compositional lexical semantics of predicates that models the contrasts of verba 410 0$aStudies in language companion series ;$vVolume 152. 606 $aSemantics, Comparative 606 $aGrammar, Comparative and general$xVerb 606 $aGrammar, Comparative and general$xAspect 606 $aCategorial grammar 608 $aElectronic books. 615 0$aSemantics, Comparative. 615 0$aGrammar, Comparative and general$xVerb. 615 0$aGrammar, Comparative and general$xAspect. 615 0$aCategorial grammar. 676 $a415/.6 702 $aRobering$b Klaus 801 0$bMiAaPQ 801 1$bMiAaPQ 801 2$bMiAaPQ 906 $aBOOK 912 $a9910464549903321 996 $aEvents, arguments, and aspects$92130762 997 $aUNINA LEADER 01639oam 2200517 450 001 9910716955903321 005 20220218090421.0 035 $a(CKB)5470000002526636 035 $a(OCoLC)1284931922 035 $a(OCoLC)995470000002526636 035 $a(EXLCZ)995470000002526636 100 $a20211109j202110 ua 0 101 0 $aeng 135 $aur||||||||||| 181 $ctxt$2rdacontent 182 $cc$2rdamedia 183 $acr$2rdacarrier 200 10$aCharacterization of Chevron nozzle performance /$fMark P. Wernet and James E. Bridges 210 1$aCleveland, Ohio :$cNational Aeronautics and Space Administration, Glenn Research Center,$dOctober 2021. 215 $a1 online resource (27 pages) $cillustrations (chiefly color) 225 1 $aNASA/TM ;$v20210020164 300 $a"October 2021." 320 $aIncludes bibliographical references (pages 26-27). 606 $aParticle image velocimetry 606 $aAeroacoustics 606 $aParticle image velocimetry$2nasat 606 $aAeroacoustics$2nasat 606 $aNozzle design$2nasat 615 0$aParticle image velocimetry. 615 0$aAeroacoustics. 615 7$aParticle image velocimetry. 615 7$aAeroacoustics. 615 7$aNozzle design. 700 $aWernet$b Mark P.$01386786 702 $aBridges$b James E. 712 02$aNASA Glenn Research Center, 801 0$bGPO 801 1$bGPO 801 2$bGPO 801 2$bOCLCO 801 2$bCZL 801 2$bGPO 906 $aBOOK 912 $a9910716955903321 996 $aCharacterization of Chevron nozzle performance$93479254 997 $aUNINA LEADER 03908nam 2200745 450 001 9910797677603321 005 20230205051313.0 010 $a1-4426-2075-7 010 $a1-4426-2074-9 024 7 $a10.3138/9781442620742 035 $a(CKB)3710000000473857 035 $a(EBL)4180490 035 $a(OCoLC)940512833 035 $a(SSID)ssj0001578442 035 $a(PQKBManifestationID)16255380 035 $a(PQKBTitleCode)TC0001578442 035 $a(PQKBWorkID)14837683 035 $a(PQKB)10842183 035 $a(MiAaPQ)EBC4669237 035 $a(OOCEL)450578 035 $a(OCoLC)921143570 035 $a(CaBNVSL)thg00970041 035 $a(DE-B1597)465488 035 $a(DE-B1597)9781442620742 035 $a(Au-PeEL)EBL4669237 035 $a(CaPaEBR)ebr11255780 035 $a(MdBmJHUP)musev2_106695 035 $a(EXLCZ)993710000000473857 100 $a20160916h20152015 uy 0 101 0 $aeng 135 $aur|n|---||||| 181 $ctxt$2rdacontent 182 $cc$2rdamedia 183 $acr$2rdacarrier 200 00$aExhibiting the German past $emuseums, film, and musealization /$feditors, Peter M. McIsaac, Gabriele Mueller 210 1$aToronto :$cUniversity of Toronto Press,$d2015. 210 4$dİ2015 215 $a1 online resource (311 pages) 225 1 $aGerman and European studies 311 0 $a1-4426-4965-8 320 $aIncludes bibliographical references and index. 327 $tFrontmatter --$tContents --$tIllustrations --$tAcknowledgments --$tIntroduction --$t1. The "Museal Gaze" and "Civic Seeing": City, Film, and Museum in Wim Wenders's Der Himmel u?ber Berlin --$t2. Refracted Memory: Museums, Film, and Visual Culture in Urban Space --$t3. Nikolaus Geyrhalter's Unser ta?glich Brot: Preservation, the Food Industry, and the Interrogation of Visual Evidence --$t4. The Concealed Curator: Constructed Authenticity in Uli Edel's Der Baader-Meinhof Komplex --$t5. Remembering and Historicizing Socialism: The Private and Amateur Musealization of East Germany's Everyday Life --$t6. Object Lessons: Visuality and Tactility in Museums of the Socialist Everyday --$t7. Historical Museum Meets Docu-Drama: The Recipient's Experiential Involvement in the Second World War --$t8. Framing the Past: Visual Musealizations of the Nazi Past in Harlan -- Im Schatten von Jud Su?ss and Jud Su?ss -- Film ohne Gewissen --$t9. Moving Statues: Arthur Grimm, the Entartete Kunst Exhibition, and Installation Photography as Standfotografie --$t10. "In a Hundred Years of Cinema ... ": History and Musealization in Harun Farocki's Arbeiter verlassen die Fabrik in elf Jahrzehnten --$t11. Sex on Display: Sexual Science and the Exhibition PopSex! --$t12. Spaces in Motion and Cinematic Experiences: The Permanent Exhibition Film of the Deutsche Kinemathek -- Museum fu?r Film und Fernsehen --$tBibliography --$tContributors --$tIndex. 330 $aFeaturing a wide range of valuable case studies, Exhibiting the German Past offers a unique perspective on the developing relationship between museums and visual media. 410 0$aGerman and European studies. 606 $aMuseums$xSocial aspects$zGermany 606 $aMuseum exhibits$xSocial aspects$zGermany 606 $aMotion pictures$xSocial aspects$zGermany 606 $aCollective memory$zGermany 607 $aGermany$xIn motion pictures 607 $aGermany$xIn popular culture 608 $aElectronic books. 615 0$aMuseums$xSocial aspects 615 0$aMuseum exhibits$xSocial aspects 615 0$aMotion pictures$xSocial aspects 615 0$aCollective memory 676 $a069.0943 702 $aMcIsaac$b Peter 702 $aMueller$b Gabriele 801 0$bMiAaPQ 801 1$bMiAaPQ 801 2$bMiAaPQ 906 $aBOOK 912 $a9910797677603321 996 $aExhibiting the German past$93698674 997 $aUNINA